00609cam a22002411 4500001001300000003000400013005001700017008004100034010001700075025001900092035002000111040002100131042001200152050001800164245001900182260001100201300001800212500001500230500005700245650002700302650002100329999001700350sa 64003917 DLC20260227112021.0940616s1962 ii 000 0 telo  asa 64003917  aPL480:I-Te-255 a(OCoLC)30618340 aDLCcCUdCUdDLC apremarc00aPL4780.8b.K310aKathālahari. c[1962] a91 p.c18 cm. aIn Telugu. aIncludes brief biographical sketches of the authors. 0aShort stories, Telugu. 0aAuthors, Telugu. c58191d58191